Ligne 1 - Statistiques

Statistiques générales
  • Ce quiz a été pris 41 fois
  • Le résultat moyen est 15 sur 25
Statistiques - réponses
Stations % Correct
La Défense
91%
Châtelet
83%
Charles de Gaulle - Étoile
78%
Nation
78%
Argentine
74%
Château de Vincennes
74%
Gare de Lyon
74%
Hôtel de Ville
74%
Bastille
70%
Champs-Élysées - Clémenceau
65%
Concorde
61%
Porte de Vincennes
61%
Les Sablons
57%
Porte Maillot
57%
Saint-Paul
57%
Tuileries
57%
Louvre - Rivoli
52%
Palais Royal - Musée du Louvre
52%
Pont de Neuilly
52%
Bérault
48%
Esplanade de La Défense
48%
Saint-Mandé
48%
Franklin D. Roosevelt
43%
George V
39%
Reuilly - Diderot
39%
Aucun quiz correspondant
Distribution des résultats
% des personnes avec chaque résultat
Percentile par nombre de réponses
Votre historique - résultats
Vous n’avez pas pris ce quiz